|
|
|
|
| LEADER |
00000nam0a2200000 4500 |
| 001 |
104835 |
| 005 |
20231031114152.0 |
| 010 |
|
|
|a 9785060041712
|
| 035 |
|
|
|a (RuTPU)RU\TPU\book\113043
|
| 090 |
|
|
|a 104835
|
| 100 |
|
|
|a 20061108d2007 m y0rusy50 ca
|
| 101 |
0 |
|
|a rus
|
| 102 |
|
|
|a RU
|
| 105 |
|
|
|a a j 001zy
|
| 200 |
1 |
|
|a Безопасность жизнедеятельности
|e учебник
|f С. В. Белов [и др.]
|g под ред. С. В. Белова
|
| 205 |
|
|
|a 7-е изд., стер.
|
| 210 |
|
|
|a Москва
|c Высшая школа
|d 2007
|
| 215 |
|
|
|a 616 с.
|c ил.
|
| 320 |
|
|
|a Библиогр.: с. 613.
|
| 330 |
|
|
|a В учебнике даны научно-практические знания в области безопасности жизнедеятельности человека в техносфере. Основное внимание уделено оценке влияния опасностей на человека, методам идентификации опасностей техносферы, средствам и способам создания малоопасных технических средств и технологий, а также выбору и применению защитных средств в опасных и чрезвычайно опасных условиях жизнедеятельности.Для студентов всех специальностей и направлений подготовки бакалавров высших учебных заведений.
|
| 451 |
|
1 |
|0 (RuTPU)RU\TPU\book\178965
|y 978-5-06-006176-5
|t Безопасность жизнедеятельности
|o учебник
|f С. В. Белов [и др.]
|g под ред. С. В. Белова
|e 7-е изд., стер.
|c М.
|n Высшая школа
|d 2009
|p 616 с.
|
| 451 |
|
1 |
|0 (RuTPU)RU\TPU\book\88315
|y 5-06-004171-9
|t Безопасность жизнедеятельности
|o учебник для вузов
|f С. В. Белов, В. А. Девисилов, А. В. Ильницкая и др.
|g Под ред. С. В. Белова
|e 5-е изд., испр. и доп.
|c М.
|n Высшая школа
|d 2005
|p 606 с.
|
| 610 |
1 |
|
|a безопасность жизнедеятельности
|
| 610 |
1 |
|
|a техносфера
|
| 610 |
1 |
|
|a опасности
|
| 610 |
1 |
|
|a источники
|
| 610 |
1 |
|
|a труд
|
| 610 |
1 |
|
|a физиология
|
| 610 |
1 |
|
|a комфортные условия
|
| 610 |
1 |
|
|a атмосферный воздух
|
| 610 |
1 |
|
|a отходы
|
| 610 |
1 |
|
|a технические системы
|
| 610 |
1 |
|
|a травмы
|
| 610 |
1 |
|
|a электробезопасность
|
| 610 |
1 |
|
|a энергетические воздействия
|
| 610 |
1 |
|
|a вибрация
|
| 610 |
1 |
|
|a шумы
|
| 610 |
1 |
|
|a ионизирующие излучения
|
| 610 |
1 |
|
|a правовые основы
|
| 610 |
1 |
|
|a экономические аспекты
|
| 610 |
1 |
|
|a специальные условия
|
| 610 |
1 |
|
|a учебники
|
| 675 |
|
|
|a 614.8(075.8)
|v 3
|
| 701 |
|
1 |
|a Белов
|b С. В.
|g Сергей Викторович
|
| 701 |
|
1 |
|a Ильницкая
|b А. В.
|g Александра Васильевна
|
| 701 |
|
1 |
|a Девисилов
|b В. А.
|g Владимир Аркадьевич
|
| 701 |
|
1 |
|a Козьяков
|b А. Ф.
|g Анатолий Федорович
|
| 702 |
|
1 |
|a Белов
|b С. В.
|g Сергей Викторович
|4 340
|
| 801 |
|
1 |
|a RU
|b 63413507
|c 20061108
|g PSBO
|
| 801 |
|
2 |
|a RU
|b 63413507
|c 20220518
|g PSBO
|
| 900 |
|
|
|a Безопасность жизнедеятельности
|
| 942 |
|
|
|c BK
|
| 952 |
|
|
|a 510000
|a 550000
|a 520000
|
| 959 |
|
|
|a 90/20061025
|d 2
|e 345,00
|f АНЛ:2
|